000 00326nam a2200121Ia 4500
008 231129s2002||||xx |||||||||||||| ||spa||
040 _bspa
082 _aR 413 D545i
245 0 _aDiccionario enciclopédico Trilingue: inglés francés sinónimos
260 _c2002
264 _aDistribuciones Editoriales.
942 _2ddc
_cBKS
999 _c9445
_d9445